000 01243cam a22003614a 4500
001 14455527
003 LC
005 20160301143541.0
008 060717s2004 nyu 000 1 eng
010 _a 2006700041
020 _a9780312995423 (pbk.)
020 _a0312995423
040 _aDLC
_cDLC
_dDLC
043 _an-us---
050 0 0 _aPS 3552
_b.B877 2004
082 0 4 _aFIC
_bB81di 2004
100 1 _aBrown, Dan,
_d1964-
_918725
245 1 0 _aDigital fortress /
_cDan Brown.
260 _aNew York :
_bSt. Martin's Paperbacks,
_c2004.
300 _a429 p. ;
_c18 cm.
562 _e1
650 0 _aIntelligence officers
_xFiction.
_918726
650 0 _aComputer security
_xFiction.
_918727
650 0 _aCryptographers
_xFiction.
_918728
655 7 _aSuspense fiction.
_2gsafd
_96032
856 4 2 _3Contributor biographical information
_uhttp://www.loc.gov/catdir/enhancements/fy0665/2006700041-b.html
856 4 2 _3Publisher description
_uhttp://www.loc.gov/catdir/enhancements/fy0665/2006700041-d.html
856 4 1 _3Sample text
_uhttp://www.loc.gov/catdir/enhancements/fy0665/2006700041-s.html
906 _a7
_bcbc
_corignew
_d2
_encip
_f20
_gy-gencatlg
942 _2lcc
_cBK
999 _c11048
_d11048